Statistics for Every 1,000,000+ Japanese and Korean City on a Map

Click here to take the quiz!

General Stats

  • This quiz has been taken 1,130 times
    (995 since last reset)
  • The average score is 14 of 22

Answers on the Map

Answers color-coded by a green-red scale on the quiz's map according to % correct below.
 

Answer Stats

PopulationCity% Correct
40,700,000Tokyo
99%
24,800,000Seoul
98%
17,700,000Osaka
94%
4,025,000Busan
91%
2,925,000Pyongyang
91%
1,870,000Hiroshima
85%
10,500,000Nagoya
84%
2,500,000Sapporo
84%
2,775,000Fukuoka
76%
2,750,000Daegu
69%
1,510,000Sendai
61%
1,230,000Naha
53%
1,630,000Gwangju
50%
1,540,000Daejeon
49%
1,990,000Kitakyushu
48%
2,175,000Okayama
48%
1,090,000Ulsan
47%
1,310,000Hamamatsu
43%
1,150,000Kumamoto
42%
1,130,000Shizuoka
42%
1,030,000Changwon
27%
1,130,000Cheongju
23%

Score Distribution

Percentile by Number Answered

Percent of People with Each Score

Your Score History

You have not taken this quiz since the last reset